ბათუმის შოთა რუსთაველის სახელმწიფო უნივერსიტეტის ბიბლიოთეკა

Textbook of Physiology : (ბიბ.ჩანაწერი № 62209)

000 -LEADER
fixed length control field 00780nam a22002057a 4500
005 - DATE AND TIME OF LATEST TRANSACTION
control field 20240801185317.0
008 - FIXED-LENGTH DATA ELEMENTS--GENERAL INFORMATION
fixed length control field 240801s2015 en ||||| |||| 00| 0 eng d
020 ## - INTERNATIONAL STANDARD BOOK NUMBER
International Standard Book Number 9788177394764 X
041 ## - LANGUAGE CODE
Language code of text/sound track or separate title eng
080 ## - UNIVERSAL DECIMAL CLASSIFICATION NUMBER
Universal Decimal Classification number 612 J-21
100 ## - MAIN ENTRY--PERSONAL NAME
Personal name Jain, A.K.
Dates associated with a name Author
9 (RLIN) 23044
245 ## - TITLE STATEMENT
Title Textbook of Physiology :
Remainder of title Volume 1 /
Statement of responsibility, etc. A.K. Jain
250 ## - EDITION STATEMENT
Edition statement 6 edition
264 ## - PRODUCTION, PUBLICATION, DISTRIBUTION, MANUFACTURE, AND COPYRIGHT NOTICE
Place of production, publication, distribution, manufacture New Delhi :
Name of producer, publisher, distributor, manufacturer AVIHAL PUBLISHING COMPANY,
Date of production, publication, distribution, manufacture, or copyright notice 2015.
300 ## - PHYSICAL DESCRIPTION
Extent 590 p.:
Other physical details color illustrations,
Dimensions 28 cm.
653 ## - INDEX TERM--UNCONTROLLED
keyword Textbook of Physiology
653 ## - INDEX TERM--UNCONTROLLED
keyword Human physiology Human physiology Textbooks
653 ## - INDEX TERM--UNCONTROLLED
keyword ადამიანის ფიზიოლოგია ადამიანის ფიზიოლოგიის სახელმძღვანელოები
942 ## - ADDED ENTRY ELEMENTS (KOHA)
Source of classification or shelving scheme
Koha item type წიგნი
ეგზემპლარები
Withdrawn status Lost status Source of classification or shelving scheme Damaged status Not for loan Permanent Location Current Location Shelving location Date acquired Cost, normal purchase price Full call number Barcode Date last seen Copy number Uniform Resource Identifier Price effective from Koha item type Public note
          ბათუმის შოთა რუსთაველის სახელმწიფო უნივერსიტეტის მთავარი ბიბლიოთეკა ბათუმის შოთა რუსთაველის სახელმწიფო უნივერსიტეტის მთავარი ბიბლიოთეკა წიგნსაცავი 2024-08-01 20.00 612 J-21 66100 2024-08-01 66100 ნაჩუქარი 2024-08-01 წიგნი 20.00